000 01725cam a22002174a 4500
005 20250605164219.0
008 250528s ||||||||||||||||||||||||d
035 _a20599
020 _a9608711487
040 _aGR-AtMCL
_bgre
_dGR-AtMCL
_eAACR2
245 1 _aΕισαγωγή σε Ζητήματα Κοινωνιογλωσσολογίας / Τρίτη Αναθεωρημένη Έκδοση
250 _a
260 _bΝήσος,
_c2011
300 _a242
520 _aΤο βιβλίο αυτό αποτελεί εισαγωγή στην Κοινωνιογλωσσολογία. Πρόλογος, Χαρτογράφηση της Κοινωνιογλωσσολογίας, Βασικές Θέσεις της Κυρίαρχης Γλωσσολογίας, Η Αμφισβήτηση της Κυρίαρχης Γλωσσολογίας, Διαστάσεις Γλωσσικής Ποικιλότητας, Γεωγραφική Γλωσσική Διαφοροποίηση, Περιστάσεις Επικοινωνίας και Λειτουργικές Ποικιλίες, Συνύπαρξη και Επαφή Γλωσσών, Διπλογλωσσία και Πολυγλωσσία, Κοινωνιογλωσσική Ανισότητα, Γλωσσικές Προκαταλήψεις στο Σχολέιο, Ζητήματα Κοινωνιογλωσσολογικής Έρευνας, Βασικές Τεχνικές Συλλογής Κοινωνιογλωσσολογικού Υλικού, Βιβλιογραφία, Ευρετήριο Όρων και Ονομάτων.
700 1 _aΑρχάκης Αργύρης
_96561
700 1 _aΚονδύλη Μαριάννα
_94117
942 _cBK
999 _c5690
_d5690